000
00283nam a2200097Ia 4500
008
240331s9999 xx 000 0 und d
082
_a
291
_b
FAI
100
_a
Lumpur , K. ed
245
0
_a
Faith renewed :
_b
a report on the frist Asian Women's consultation on Interfaith Dialogue
942
_c
L
999
_c
846
_d
846